| 000 | 00593nam a2200241 4500 | ||
|---|---|---|---|
| 003 | OSt | ||
| 005 | 20180116183017.0 | ||
| 008 | 151009b xxu||||| |||| 00| 0 eng d | ||
| 020 | _a9788131754160 | ||
| 022 | _a9788131754160 | ||
| 040 | _c0 | ||
| 050 | _a302.35 | ||
| 082 | _a302.35 | ||
| 100 | _aJones,Gareth R. | ||
| 245 |
_aOrganizational Theory,Design and Change. _cGareth R.Jones |
||
| 250 | _a6th. | ||
| 260 |
_aNew Delhi _bPearson. _c2011 |
||
| 300 | _a543p. | ||
| 500 | _aPaper Cover | ||
| 600 | _aJones,Gareth R. | ||
| 700 | _aJones,Gareth R. | ||
| 942 |
_2ddc _cBK _k302.35 |
||
| 999 |
_c350413 _d350413 |
||